000 00314nam a2200133 a 4500
005 20140414132014.0
008 100728s19uu xx 00 eng d
050 _aTR
_bAP5 2000
100 _aGibbons, Gail
245 _aApples.
260 _aNew York :
_bScholastic,
_c2000.
650 _aApples
999 _c113338
_d113338